00469cam a2200157Ia 4500008004100000020002500041100001900066245006600085260003200151300002400183440004700207650003000254003000100284005001700285040000900302  a9781846289712 (pbk.)1 aAl-Gwaiz, M.A.10aSturm-Liouville theory and its applications /cM.A. Al-Gwaiz. aLondon :bSpringer,cc2008. ax, 264 p. ;c24 cm. 0aSpringer undergraduate mathematics series. 0aSturm-Liouville equation.20230123125022.0 cNUST